000 00545nam a2200193Ia 4500
003 GCL
008 140319s9999 xx 000 0 ara d
040 _aGCL /
_cGCL
082 0 4 _a812.009
_bم م
100 1 _aمصطفى عبدالغنى
245 1 0 _aالمسرح المصرى فى الثمانينات /
_cمصطفى عبدالغنى
300 _a374 ص
490 _a
650 0 4 _aمصر
650 0 4 _aالاخراج المسرحى
650 0 4 _aالتمثيل فى المسرح
650 0 4 _aمسرح الطفل
942 _2ddc
_cBK
999 _c44362
_d44362